| Tag |
First Indicator |
Second Indicator |
Subfields |
| LEADER |
00000cam a2200000 4500 |
| 001 |
in00000081437 |
| 005 |
20151008052954.0 |
| 008 |
751210s1957 mnu 00000 eng |
| 010 |
|
|
|a 57005803
|
| 035 |
|
|
|a (OCoLC)01886063
|
| 035 |
|
|
|9 AAH5684AM
|
| 040 |
|
|
|a DLC
|c FUB
|d TXA
|d UtOrBLW
|
| 049 |
|
|
|a TXAM
|c [404383]
|
| 082 |
0 |
|
|a 353.03
|
| 090 |
|
|
|a KF5050
|b .S35 1957
|
| 092 |
|
|
|a 353.03
|b S384p
|
| 100 |
1 |
|
|a Schubert, Glendon A.
|
| 245 |
1 |
4 |
|a The Presidency in the courts.
|
| 264 |
|
1 |
|a Minneapolis :
|b University of Minnesota Press,
|c [1957]
|
| 300 |
|
|
|a xi, 391 pages ;
|c 24cm.
|
| 336 |
|
|
|a text
|b txt
|2 rdacontent
|
| 337 |
|
|
|a unmediated
|b n
|2 rdamedia
|
| 338 |
|
|
|a volume
|b nc
|2 rdacarrier
|
| 650 |
|
0 |
|a Executive power
|z United States.
|
| 650 |
|
0 |
|a Judicial review
|z United States.
|
| 999 |
|
|
|a MARS
|
| 999 |
f |
f |
|s 14969570-4231-3b5f-b8d5-76cbe858978b
|i 8f6635dd-9ed4-3923-bbd2-67585d7b0c80
|t 0
|
| 952 |
f |
f |
|p ric
|a Texas A&M University
|b Rellis Campus
|c Joint Library Facility
|d Remote Storage
|t 0
|e KF5050 .S35 1957
|h Library of Congress classification
|i unmediated -- volume
|m A14800799737
|
| 998 |
f |
f |
|a KF5050 .S35 1957
|t 0
|l Remote Storage
|